Psicología experimental : (Registro nro. 21908)
[ vista simple ]
| 000 -Cabecera | |
|---|---|
| Campo de control interno | 00846nam a2200265Ia 4500 |
| 005 - Fecha y hora del registro | |
| control field | 20260320113324.0 |
| 008 - Elementos de Longitud Fija | |
| fixed length control field | 260320s9999||||xx |||||||||||||| ||und|| |
| 020 ## - ISBN | |
| ISBN | 9789706868121 |
| 041 ## - Idioma | |
| Codigo Idioma | ESP |
| 082 ## - DEWEY y NOTACIÓN INTERNA | |
| Dewey | 150.724 |
| Notación Interna | M26 |
| 100 ## - AUTOR | |
| Autor denominación | Martin, David W., |
| Término de relación | autor |
| 245 #0 - TÍTULO DE MATERIAL BIBLIOGRÁFICO | |
| Título | Psicología experimental : |
| Título paralelo | cómo hacer experimentos en psicología |
| 246 ## - TÍTULO TRADUCIDO | |
| Título | |
| Título paralelo | |
| Autor | |
| 260 ## - CIUDAD, EDITORIAL, AÑO | |
| Ciudad | México : |
| Nombre de la Editorial | Cengage Learning, |
| Año | 2008 |
| 300 ## - DESCRIPCIÓN | |
| N° Páginas | xi, 364 páginas : |
| Otros detalles | ilustraciones, tablas ; |
| Dimensiones | 24 cm. |
| Material Adicional | |
| 440 ## - MENCIÓN DE SERIE | |
| Título de la Serie | |
| Número de Serie | |
| Volumen de Serie | |
| 500 ## - NOTA GENERAL | |
| Nota General | No tiene portada / Datos extraídos de Worldcat |
| 650 ## - TEMAS | |
| Temas | Psicología |
| 653 ## - DESCRIPTORES | |
| Lenguajes no controlado | Investigación experimental |
| 654 ## - PROGRAMAS | |
| Programa | Dpto. de Psicología |
| 700 ## - OTROS AUTORES | |
| Otros autores | |
| Títulos y otras palabras asociadas con el nombre | |
| 856 ## - URL - UBICACIÓN | |
| URI/URL: Enlace exacto del recurso | <a href="https://ebooks7-24-com.ucsp.lookproxy.com/stage.aspx?il=&pg=&ed=">https://ebooks7-24-com.ucsp.lookproxy.com/stage.aspx?il=&pg=&ed=</a> |
| Nota pública: Versión digital | <a href="Véase además: Base de datos Ebook7-26">Véase además: Base de datos Ebook7-26</a> |
| 942 ## - ELEMENTOS DE KOHA | |
| Tipo de documento | Libro |
| Nombre del creador | Justo Noguera |
| Código de catalogador | Mirtha Ponce |
| Esquema de clasificación | Dewey Decimal Classification |
| Suppress in OPAC | |
| Codigo completo | Registro | Colección | Copia número | Disponibilidad | Tipo de préstamo | Biblioteca Actual | Procedencia (Biblioteca) | Ubicacón | Fecha Ingreso | Tipo de Adquisición | Observación | Date last seen | Total checkouts | Price effective from | Tipo de Item | Estado del Material | Fuente de Clasificación | Damaged status | Withdrawn status |
|---|---|---|---|---|---|---|---|---|---|---|---|---|---|---|---|---|---|---|---|
| 150.724 M26 | 1086306 | Universidad Católica San Pablo | 3 | Disponible | Disponible | Víctor Andrés Belaunde | Víctor Andrés Belaunde | Planta baja abierta | 10/03/2026 | Donación | Libun | 20/03/2026 | 20/03/2026 | Libro | Bueno | Dewey Decimal Classification |




